000
00216 a2200097 4500
001
37445
100
_a
Cantrell J C
245
_a
Geometric Topology
260
_a
New York
_b
Academic Press
_c
090
_c
23911
_d
23911
942
_a
NUST-CAE
_c
M
_c
15460
999
_c
272518
_d
272518